000 01010nam a22003133i 4500
001 BDZ0055851444
003 StDuBDS
005 20241029150406.0
007 cr||||||||||||
008 240906s2024 enk go 000|0 eng d
020 _a9781292477305 :
_c43.99
040 _aStDuBDS
_beng
_erda
_cStDuBDS
072 7 _aLNS
_2bicssc
072 7 _aLAW
_2ukslc
072 7 _aLNS
_2thema
100 1 _aRoger, Smith,
_eauthor.
245 1 0 _aProperty Law /
_cSmith Roger.
264 1 _a[Place of publication not identified] :
_bPearson Education,
_c2024.
300 _a1 online resource
336 _atext
_2rdacontent
337 _aunmediated
_2rdamedia
338 _avolume
_2rdacarrier
366 _b20240901
_cAvailable
520 8 _aEbook distributed in the UK
650 7 _aLaw
_2ukslc
650 7 _aEBOOK
856 4 0 _uhttps://www.vlebooks.com/product/openreader?id=RICS&accId=9491556&isbn=9781292477305
_zAvailable on VLeBooks (email [email protected] if you do not have a login)
942 _2ddc
999 _c122041
_d122041